| 000 | 01140nam0a2200325 4500 | ||
|---|---|---|---|
| 001 | RU\NLR\bibl\267549 | ||
| 005 | 20250620131936.0 | ||
| 021 |
_aRU _b2001-26724п _9960 |
||
| 035 | _a(NLR Aleph) 000263115 | ||
| 090 |
_a1537285 _c1537285 |
||
| 100 | _a20020527d2001 |||y0rusy50 ca | ||
| 101 | 0 | _arus | |
| 102 | _aRU | ||
| 105 | _aa ||||||||| | ||
| 200 | 1 |
_aЭсминцы типа "Акицуки" _fА.В. Орел |
|
| 210 |
_aМ. _cРед. журн. "Моделист-конструктор" в форме АОЗТ _d2001 |
||
| 215 |
_a32 с. _cил. _d29 |
||
| 225 | 1 |
_aМорская коллекция _eПрил. к журн. "Моделист-конструктор" _vN 5(41) |
|
| 300 | _aНа обл. авт. не указан | ||
| 320 | _aБиблиогр.: с. 32 | ||
| 606 | 1 |
_aЭскадренные миноносцы типа "Акицуки" _92220946 _3RU\NLR\AUTH\6601566774 |
|
| 686 | 1 | _aЦ661.12(5Я) | |
| 700 | 1 |
_aОрел _bА. В. _4070 |
|
| 801 | 0 |
_aRU _bNLR _c20020527 _gPSBO |
|
| 801 | 1 |
_aRU _bNLR _c20020527 |
|
| 852 |
_aNLR _jП11/3767 |
||
| 942 | _cBOOK | ||
| 980 | _aNB | ||